000 00385nam a2200145Ia 4500
008 230917s9999||||xx |||||||||||||| ||und||
040 _e204494
_aMAIN
041 _aEnglish
082 _a670.285 G899C
100 _aGroover, Mikell P
245 0 _aCAD/CAM: Computer-aided design and manufacturing
260 _aNew Delhi
_bPearson Education
_c2012
300 _a511 p.
942 _cBK
999 _c173679
_d173679